Catholic University of Zimbabwe Library
Online Public Access Catalogue
(OPAC)

Social worlds and the leisure experience / (Record no. 29980)

MARC details
000 -LEADER
fixed length control field 01723nam a2200409Ii 4500
001 - CONTROL NUMBER
control field 9781787697133
003 - CONTROL NUMBER IDENTIFIER
control field UtOrBLW
005 - DATE AND TIME OF LATEST TRANSACTION
control field 20210303084910.0
006 - FIXED-LENGTH DATA ELEMENTS--ADDITIONAL MATERIAL CHARACTERISTICS
fixed length control field m o d
007 - PHYSICAL DESCRIPTION FIXED FIELD--GENERAL INFORMATION
fixed length control field cr un|||||||||
008 - FIXED-LENGTH DATA ELEMENTS--GENERAL INFORMATION
fixed length control field 181017s2018 enka b 001 0 eng d
020 ## - INTERNATIONAL STANDARD BOOK NUMBER
International Standard Book Number 9781787697133 (e-book)
040 ## - CATALOGING SOURCE
Original cataloging agency UtOrBLW
Language of cataloging eng
Description conventions rda
Transcribing agency UtOrBLW
050 04 - LIBRARY OF CONGRESS CALL NUMBER
Classification number HM1041
Item number .S74 2018
072 #7 - SUBJECT CATEGORY CODE
Subject category code SOC026000
Source bisacsh
072 #7 - SUBJECT CATEGORY CODE
Subject category code JMH
Source bicssc
080 ## - UNIVERSAL DECIMAL CLASSIFICATION NUMBER
Universal Decimal Classification number 159.9
082 04 - DEWEY DECIMAL CLASSIFICATION NUMBER
Classification number 302.12
Edition number 23
100 1# - MAIN ENTRY--PERSONAL NAME
Personal name Stebbins, Robert A.,
Dates associated with a name 1938-
Relator term author.
245 10 - TITLE STATEMENT
Title Social worlds and the leisure experience /
Statement of responsibility, etc. by Robert A. Stebbins (University of Calgary, Canada).
264 #1 - PRODUCTION, PUBLICATION, DISTRIBUTION, MANUFACTURE, AND COPYRIGHT NOTICE
Name of producer, publisher, distributor, manufacturer Emerald Publishing Limited,
300 ## - PHYSICAL DESCRIPTION
Extent 1 online resource (x, 94 pages) :
Other physical details illustrations ;
Dimensions cm.
490 1# - SERIES STATEMENT
Series statement Emerald points
504 ## - BIBLIOGRAPHY, ETC. NOTE
Bibliography, etc. note Includes bibliographical references and index.
520 ## - SUMMARY, ETC.
Summary, etc. Anselm Strauss observed 40 years ago that the idea of social world was suffering from weak conceptualization and application to those areas of social life where this formation figures prominently in everyday activities. This book provides a coherent statement about what social worlds consist of, what they do, where they fit in social theory.
588 0# - SOURCE OF DESCRIPTION NOTE
Source of description note Print version record
650 #0 - SUBJECT ADDED ENTRY--TOPICAL TERM
Topical term or geographic name entry element Social perception.
650 #7 - SUBJECT ADDED ENTRY--TOPICAL TERM
Topical term or geographic name entry element Social Science
General subdivision Sociology
-- General.
Source of heading or term bisacsh
650 #7 - SUBJECT ADDED ENTRY--TOPICAL TERM
Topical term or geographic name entry element Social, group or collective psychology.
Source of heading or term bicssc
776 ## - ADDITIONAL PHYSICAL FORM ENTRY
International Standard Book Number 9781787697164
830 #0 - SERIES ADDED ENTRY--UNIFORM TITLE
Uniform title Emerald points.
856 40 - ELECTRONIC LOCATION AND ACCESS
Uniform Resource Identifier <a href="https://www.emerald.com/insight/publication/doi/10.1108/9781787697133">https://www.emerald.com/insight/publication/doi/10.1108/9781787697133</a>
Holdings
Withdrawn status Lost status Source of classification or shelving scheme Damaged status Not for loan Home library Current library Shelving location Date acquired Total Checkouts Full call number Date last seen Uniform Resource Identifier Price effective from Koha item type
          Digital Library Digital Library Online Access 03.03.2021   HM1041 .S74 2018 03.03.2021 https://www.emerald.com/insight/publication/doi/10.1108/9781787697133 03.03.2021 eBook

OPENING HOURS

Weekdays: 0815hrs - 1800hrs
Weekends:0900hrs - 1200hrs

Closed for Mass:

Mon, Thur: 1200hrs - 1300hrs
Sunday & Public Holiday’s

CALL SUPPORT

0242-570570, 0242-570169
09200664, +263 8644140602

LOCATION

18443, Cranborne Avenue, Hatfield, Harare

Other Links


©2021 | CUZ Library